000 00427cam a2200169ua 4500
020 _c1.50
041 _ahin
_h
082 _a891.54
_bPRE/PR
100 _aPremchand, .
245 _aPremchand ki sarvashresht kahaniyam /
_cPremchand.
_hTextual Documents
260 _aNew Delhi :
_bSaraswathi Press ,
_c1963.
300 _a160 ; .
365 _a1.50
942 _cBK
999 _c6551
_d6551